Crosscurrents : (Record no. 258)

000 -LEADER
fixed length control field 00760cam a22002658a 4500
003 - CONTROL NUMBER IDENTIFIER
control field ALUPE UNIVERSITY
005 - DATE AND TIME OF LATEST TRANSACTION
control field 20210610105147.0
008 - FIXED-LENGTH DATA ELEMENTS--GENERAL INFORMATION
fixed length control field 040728s2005 onc b 000 0 eng
020 ## - INTERNATIONAL STANDARD BOOK NUMBER
International Standard Book Number 0176415025
040 ## - CATALOGING SOURCE
Transcribing agency NLC
049 ## - LOCAL HOLDINGS (OCLC)
Holding library JF0A
055 #3 - CLASSIFICATION NUMBERS ASSIGNED IN CANADA
Classification number D860
Item number C76 2004
090 ## - LOCALLY ASSIGNED LC-TYPE CALL NUMBER (OCLC); LOCAL CALL NUMBER (RLIN)
Classification number (OCLC) (R) ; Classification number, CALL (RLIN) (NR) D860
Local cutter number (OCLC) ; Book number/undivided call number, CALL (RLIN) .C76 2005
245 00 - TITLE STATEMENT
Title Crosscurrents :
Remainder of title international relations /
Statement of responsibility, etc. edited by Mark Charlton.
250 ## - EDITION STATEMENT
Edition statement 4th ed.
260 ## - PUBLICATION, DISTRIBUTION, ETC.
Place of publication, distribution, etc. Toronto :
Name of publisher, distributor, etc. Nelson,
Date of publication, distribution, etc. 2005.
300 ## - PHYSICAL DESCRIPTION
Extent xi, 485 p. ;
Dimensions 23 cm.
504 ## - BIBLIOGRAPHY, ETC. NOTE
Bibliography, etc. note Includes bibliographical references.
650 #0 - SUBJECT ADDED ENTRY--TOPICAL TERM
Topical term or geographic name entry element International relations.
700 1# - ADDED ENTRY--PERSONAL NAME
Personal name Charlton, Mark William,
Dates associated with a name 1948-
942 ## - ADDED ENTRY ELEMENTS (KOHA)
Source of classification or shelving scheme
Koha item type Book
Suppress in OPAC DO
Holdings
Withdrawn status Lost status Source of classification or shelving scheme Damaged status Not for loan Permanent Location Current Location Shelving location Date acquired Total Checkouts Full call number Barcode Date last seen Price effective from Koha item type Public note
          AU LIBRARY AU LIBRARY Open Shelf 10.06.2021   D 860 .C76 2005 28000070 10.06.2021 10.06.2021 Book DO

Powered by Koha